[Event "Skovbo GM 2012"]
[Site "Borup Kulturhus"]
[Date "2012.09.22"]
[Round "7.28"]
[White "Hansen, Henrik Damgaard"]
[Black "Jensen, Henrik"]
[Result "1-0"]
[WhiteElo "1823"]
[BlackElo "1612"]
[PlyCount "41"]
[EventDate "2012.??.??"]
[WhiteTeam "Hillerød Skakklub"]
[BlackTeam "Skovbo Skakklub"]

1. e4 e5 2. Nf3 Nc6 3. d4 exd4 4. Nxd4 Nxd4 5. Qxd4 c5 6. Qe5+ Qe7 7. Qxe7+
Nxe7 8. Nc3 a6 9. Be3 d6 10. O-O-O Nc6 11. Nd5 Kd7 12. Nb6+ Kd8 13. Nxa8 Be6
14. a3 Be7 15. Bxc5 Bg5+ 16. Be3 Bf6 17. Nb6 Re8 18. Rxd6+ Kc7 19. Rd2 Be5 20.
Nc4 Bf6 21. Bf4+ 1-0

[Event "Skovbo GM 2012"]
[Site "Borup Kulturhus"]
[Date "2012.09.22"]
[Round "7.30"]
[White "Larsen, Paul M"]
[Black "Stuhr, Finn"]
[Result "0-1"]
[WhiteElo "1611"]
[BlackElo "1657"]
[PlyCount "56"]
[EventDate "2012.??.??"]
[WhiteTeam "Haslev Skakklub"]
[BlackTeam "Køge Skakklub"]

1. d4 Nf6 2. Nf3 b6 3. e3 Bb7 4. Bd3 g6 5. O-O Bg7 6. Nbd2 d6 7. c3 O-O 8. Qe2
Nbd7 9. e4 e5 10. dxe5 dxe5 11. Rd1 Re8 12. Bc2 Qe7 13. Nf1 Nc5 14. Bg5 Qe6 15.
Bb3 Nxb3 16. axb3 Nxe4 17. c4 Qc6 18. Rd5 Nxg5 19. Nxg5 Qf6 20. Ne4 Qf4 21.
Rad1 Bxd5 22. Rxd5 Rad8 23. Nc3 e4 24. Rxd8 Rxd8 25. Nxe4 Bxb2 26. Qxb2 Qxe4
27. Ne3 Rd1+ 28. Nf1 Qd3 0-1

[Event "Skovbo GM 2012"]
[Site "Borup Kulturhus"]
[Date "2012.09.22"]
[Round "7.31"]
[White "Kakulidis, Ellen"]
[Black "Brøndum, Jan Kraul"]
[Result "1-0"]
[WhiteElo "1366"]
[BlackElo "1625"]
[PlyCount "41"]
[EventDate "2012.??.??"]
[WhiteTeam "Aalborg Skakforening af 1889"]
[BlackTeam "Arbejdernes Skakforening Af 04"]

1. d4 Nf6 2. c4 e6 3. Nc3 g6 4. Nf3 Bg7 5. Bg5 c6 6. e4 h6 7. Be3 Na6 8. a3 Nc7
9. Qc2 Qe7 10. Bd3 d6 11. e5 dxe5 12. Nxe5 Nd7 13. f4 f5 14. O-O-O Nxe5 15.
dxe5 Bd7 16. Qf2 a5 17. Na4 O-O 18. Be2 b5 19. Nb6 Rab8 20. Nxd7 Rb7 21. Bc5
1-0

[Event "Skovbo GM 2012"]
[Site "Borup Kulturhus"]
[Date "2012.09.22"]
[Round "7.34"]
[White "Larsson, Jørgen"]
[Black "Fredericia, Ellen"]
[Result "0-1"]
[WhiteElo "1159"]
[BlackElo "1196"]
[PlyCount "74"]
[EventDate "2012.??.??"]
[WhiteTeam "Skovbo Skakklub"]
[BlackTeam "Skakklubben K41"]

1. d4 d5 2. c4 e6 3. Nf3 Nf6 4. a3 Be7 5. e3 Nbd7 6. c5 O-O 7. Bd3 Re8 8. O-O
c6 9. Qc2 Qc7 10. h3 h6 11. Re1 e5 12. Bf5 e4 13. Nh2 Nf8 14. Bxc8 Raxc8 15. f3
Ne6 16. fxe4 Nxe4 17. Qe2 Bh4 18. Rf1 Ng3 19. Qg4 Nxf1 20. Nxf1 Bf6 21. b4 b6
22. cxb6 Qxb6 23. Bb2 a5 24. Bc3 axb4 25. axb4 Ra8 26. Rxa8 Rxa8 27. Qe2 Re8
28. Qb2 Ng5 29. Nbd2 Be7 30. Nf3 Nxf3+ 31. gxf3 Rb8 32. Kf2 Bxb4 33. Ke2 Qb5+
34. Ke1 Bxc3+ 35. Qxc3 Qb1+ 36. Ke2 Qb2+ 37. Kd3 Rb3 0-1